000
00313nam a22001337a 4500
003
SGT
020
_a
978-93-80316-49-9
082
_a
150
_b
JHA
100
_a
JHA, VIVEK KUMAR
245
_a
AUTISM: PSYCHOLOGICAL NEUROLOGICAL & CLINICAL
260
_a
DELHI
_b
AHUJA PUB.
_c
2021
300
_a
359
942
_2
ddc
_c
BK
999
_c
24583
_d
24583